00861cam a2200241 a 450000100100000000500170001000800410002702000150006804000250008308200150010810000350012324500580015826000560021630000210027249000220029350400420031565000290035765000260038665000400041283000310045295201190048399900170060200001545520260312134858.0940813s1992 sp b 001 0 spa d a8471518171 aDO-SdBNPbspadBNPHU a172bM186m1 aMaestre, Agapitod1954-93490910aModernidad, historia y política /cAgapito Maestre. aNavarra, España :bEditorial Verbo Divino,c1992. a253 p. ;c20 cm.1 aNuevos desafíos aIncluye referencias bibliográficas. 0aÉtica política91332 0aÉtica social 91353 4aFilosofía de la democracia934910 0aNuevos desafíos ;934911 001054708MOaGRbGRcCTd2010-02-09iLF1l0o172 M186mp15455-10r2020-06-25w2020-06-25y4ZPréstamo en sala c15011d15011